Информационно-измерительные системы геолого-технологических и геофизических исследований в процессе бурения

Бібліографічні деталі
Автор: Лукьянов Э. Е. Эдуард Евгеньевич
Резюме:Излагаются принципы измерений, структура измерительных систем, погрешности измерении и средств измерений, принципы автоматизации процессов измерений, построения информационно-измерительных систем, основы автоматизации технологических процессов; рассмотрены задачи контроля параметров технологических процессов строительства скважин и специфические требования к параметрам ГТИ и ГИС в процессе бурения, основы методов ГИС, особенности построения ИИС ГТИ и ГИС, а также требования к разработке новой информационно-измерительной системы ГИС и ГТИ в процессе бурения. Для инженерно-технических работников нефтегазовой отрасли и разработчиков аппаратурно-методических комплексов ГТИ и забойных телеметрических систем (ЗТС). Рекомендуется также в качестве учебного пособия при проведении курсов подготовки операторов ГТИ и ЗТС, супервайзеров буровых работ и факультатива для магистрантов геолого-геофизичсских специальностей.
Мова:Російська
Опубліковано: Новосибирск, Историческое наследие Сибири, 2010
Предмети:
Формат: Книга
KOHA link:https://koha.lib.tpu.ru/cgi-bin/koha/opac-detail.pl?biblionumber=187003

MARC

LEADER 00000nam0a2200000 4500
001 187003
005 20231031173852.0
010 |a 5840202509 
035 |a (RuTPU)RU\TPU\book\202915 
090 |a 187003 
100 |a 20101109d2010 k y0rusy50 ca 
101 0 |a rus 
102 |a RU 
105 |a a z 001zy 
200 1 |a Информационно-измерительные системы геолого-технологических и геофизических исследований в процессе бурения  |f Э. Е. Лукьянов 
210 |a Новосибирск  |c Историческое наследие Сибири  |d 2010 
215 |a 816 с.  |c ил.  |e Прилож.: CD-ROM 
320 |a Библиогр.: с. 801-815. 
330 |a Излагаются принципы измерений, структура измерительных систем, погрешности измерении и средств измерений, принципы автоматизации процессов измерений, построения информационно-измерительных систем, основы автоматизации технологических процессов; рассмотрены задачи контроля параметров технологических процессов строительства скважин и специфические требования к параметрам ГТИ и ГИС в процессе бурения, основы методов ГИС, особенности построения ИИС ГТИ и ГИС, а также требования к разработке новой информационно-измерительной системы ГИС и ГТИ в процессе бурения. Для инженерно-технических работников нефтегазовой отрасли и разработчиков аппаратурно-методических комплексов ГТИ и забойных телеметрических систем (ЗТС). Рекомендуется также в качестве учебного пособия при проведении курсов подготовки операторов ГТИ и ЗТС, супервайзеров буровых работ и факультатива для магистрантов геолого-геофизичсских специальностей. 
606 1 |a Буровые скважины  |x Геофизические информационно-измерительные системы  |2 stltpush  |3 (RuTPU)RU\TPU\subj\70957 
610 1 |a геофизические исследования 
610 1 |a геологоразведочное бурение 
610 1 |a измерения 
610 1 |a измерительные системы 
610 1 |a погрешности 
610 1 |a информационно-измерительные системы 
610 1 |a информатизация 
610 1 |a автоматизация 
610 1 |a технологические процессы 
610 1 |a скважины 
610 1 |a бурение 
610 1 |a геолого-технологические исследования 
610 1 |a геолого-технологическая информация 
610 1 |a каротаж 
610 1 |a электрический каротаж 
610 1 |a радиоактивный каротаж 
610 1 |a акустический каротаж 
610 1 |a термометрия 
610 1 |a метрологические основы 
610 1 |a информационное сопровождение 
675 |a 550.832.08  |v 3 
700 1 |a Лукьянов  |b Э. Е.  |g Эдуард Евгеньевич 
801 1 |a RU  |b 63413507  |c 20101109 
801 2 |a RU  |b 63413507  |c 20221209  |g RCR 
900 |a Информационно-измерительные системы 
942 |c BK 
959 |a 81/20101108  |d 1  |e 0  |f ЧЗТЛ:1